000 00427nam a2200181Ia 4500
005 20250317172648.0
008 240331s9999 xx 000 0 und d
020 _a
082 _bJEY
_a894
100 _aJeyamohan,S
245 0 _aIlakkiya uraiyadalkal
260 _aChennai
_banyindian Pathippagam
_c2006
300 _a286 p .,
650 _a Ayal kural
650 _amarabin kural
650 _amuthal kural
942 _cL
999 _c4661
_d4661